01384nam a2200313Ia 4500001000700000003000500007008004100012010001100053040000900064090001700073100004500090245024600135260004100381300004100422502007600463650003700539650004200576650004200618650002400660650003900684901001700723902000600740910000900746942000600755942000600761999001900767952014200786952014200928Z_1983CHAP220113s1998 xx 000 0 und d a165056 cCHAP aTesis G 1281 aGonzález Trigueros, José Luis949461 aSincronización, superovulación, recolección y transferencia de embriones en ganado bovino lechero, bajo las condiciones de manejo de la Granja Experimental de la Universidad Autónoma Chapingo /cpor José Luis González Trigueros aChapingo, Méx. :bEl autor,c1998 a58 h. : bilus. ; gráfs. ; cuadros aTesis (Ing. Agr. Esp. en Zootecnia) -- UACH. Departamento de Zootecnia aEmbrionesxTransferencia 936493 aGanado lecheroxReproducción945294 aGanado vacunoxreproducción 945510 aOvulación 984414 aSincronización del celo 9106556 aTESIS G 1281 aM a1998 c2 c2 c165056d165056 00102local4051708TESISaZbZd2005-11-09eEl autorl0oTesis G66 1281 1998p5101001999r2022-01-18 00:00:00tEj.1w2022-01-18yTESIS 00102local4055708TESISaZbZd2005-11-09eEl autorl0oTesis G66 1281 1998p5101002000r2022-01-18 00:00:00tEj.2w2022-01-18yTESIS